00637nam a2200229Ia 4500003000900000008004100009040001300050040001300063041000800076100001800084100000800102245002900110250000900139260002100148260000900169300000800178490001300186490000600199942000700205999001300212952018200225IT-RoPAU120407s9999 xx 000 0 und d aIT-RoPAU cIT-RoPAU aita aRobert Quardt cscj aLa giornata nel convento aAlba aEdizioni Paoline c1959 c cm aAlere II v1 cBK c220d220 00102ddc406248_12200000000000071aPAULUSbPAULUSd2012-04-11l0o248.122r2012-04-11 00:00:00w2012-04-11yBKzInserito da: In data: n.d. fondo: Via A.Severo 56 Progr:19658